000 00632cab a2200229 4500
001 ABS60084
008 090401t1999 xxu||||| |||| 00| 0 eng d
035 _a(Sirsi) u99759
041 _aeng
245 _aWhy we must outlaw the cowboys
260 _c1999
350 _a0
490 _aBuilding
_v264(8077) 5 March 1999, 24-27(4)
520 _aLooks at the provisions made by the construction taskforce set up to tackle cowboy builders.
650 _aCONSTRUCTION INDUSTRY
650 _aCOWBOY BUILDERS
650 _aIMAGE
650 _aTASKFORCES
690 _aBUILT ENVIRONMENT
942 _n0
948 _c09/03/1999
999 _c59992
_d59992